Biodiversity : culture, conservation and ecodevelopment /

Conjunto de artículos ensayísticos escritos por biólogos, antropólogos, agrocientíficos y analistas de la administración pública que intentan conciliar y equilibrar la conservación de recursos naturales y el desarrollo rural, la híbridos vegetales y animales y los modos tradicionales de cultivo y ex...

Descripción completa

Guardado en:
Detalles Bibliográficos
Autor principal: Oldfield, Margery L. (comp.)
Otros autores: Alcorn, Janis B. (compilación) (compilación)
Formato: Libro
Idioma:Inglés
Temas:
Etiquetas: Agrega una etiqueta
Sin etiquetas, Sé el primero en etiquetar este registro!

MARC

LEADER 00000nam^a2200000^a^4500
001 000032520
005 20250521000000.0
009 20260310085123.762
020 |a 0-8133-7680-7 
037 |a Acervo ITESO - Biblioteca 
041 |a ING 
082 |a 631. 523  |b OLD 
100 |a Oldfield, Margery L.  |e (comp.) 
245 1 0 |a Biodiversity :  |b culture, conservation and ecodevelopment /  |c Comp. de M.L. Oldfield, J.B. Alrorn ; pról. de E.O. Wilson. 
264 |a Boulder, EUA :  |b Westview,  |c 1991 
300 |a 349 p. 
336 |a texto  |b txt  |2 rdacontenido 
337 |a sin mediación  |b n  |2 rdamedio 
338 |a volumen  |b nc  |2 rdasoporte 
520 |a Conjunto de artículos ensayísticos escritos por biólogos, antropólogos, agrocientíficos y analistas de la administración pública que intentan conciliar y equilibrar la conservación de recursos naturales y el desarrollo rural, la híbridos vegetales y animales y los modos tradicionales de cultivo y explotación, en suma un ecodesarrollo racional. 
649 |a XX 
650 |a Agricultura 
650 |a Recursos Naturales 
650 |a Genética 
650 |a Agricultura 
700 |a Alcorn, Janis B.  |e (compilación) 
910 |a Fondo General 
920 |a Impresos - Libros 
930 |a Colección General 
905 |a 101 
901 |a 0325200100  |b IT1  |c ACC  |i 032520  |u 20250521 
902 |a https://opac.biblio.iteso.mx/vufind/Record/000032520